| 000 | 00876ncm a22002415a 4500 | ||
|---|---|---|---|
| 001 | C00011480c | ||
| 005 | 20241029143126.0 | ||
| 008 | 950810s1891 ddrmtb n 1 ger d | ||
| 080 | _a785.73:786.2:787.1:787.3 | ||
| 100 | 1 |
_aSchumann, Robert ( _d1810-1856) _98457 |
|
| 245 | 1 | 0 |
_aTrio nº 1 D-moll, op. 63 _b: für Pianoforte, Violine u. Violoncell / _cvon Robert Schumann. |
| 254 | _a[Kleine Partitur]. | ||
| 260 |
_aLeipzig : _bErnst Eulenburg, _c[d. 1891] |
||
| 300 |
_aPartitura (46 p.) ; _c19 cm. |
||
| 490 | 0 |
_aPayne's kleine Partitur Ausgabe. Kammermusik ; _v86 |
|
| 500 | _aN. pl. : E.E. 1186. | ||
| 500 | _aFecha de publicación tomada de "The new Grove dictionary of music and musicians", vol. 6, Stanley Sadie 1980. | ||
| 500 | _aLegado Pérez Casas. | ||
| 650 | 1 | 4 |
_aTríos de Piano. _916450 |
| 852 | 4 | _jM-2393 | |
| 999 |
_c11271 _d11271 |
||